000 05040namaa22004211i 4500
003 EG-GICUC
005 20260430180533.0
008 260430s2025 ua a|||frm||| 000 0 eng d
040 _aEG-GICUC
_beng
_cEG-GICUC
_dEG-GICUC
_erda
041 0 _aeng
_beng
_bara
049 _aDeposit
082 0 4 _a624.1834
092 _a624.1834
_221
097 _aM.Sc
099 _aCai01.13.05.M.Sc.2025.Ay.R
100 0 _aAyman Elmohammadi Youssef Mohamed Youssef,
_epreparation.
245 1 0 _aResponse modification factor for seismic loading of reinforced concrete structures considering soil–structure interaction /
_cby Ayman Elmohammadi Youssef Mohamed Youssef ; Supervisors Prof. Dr. Hany Ahmed Aly Abdalla.
246 1 5 _aمعامل تعديل ردود أفعال الأحمال الزلزالية في المنشآت الخرسانية المسلحة مع أخذ التأثير المتبادل بين التربة والمنشأ في الاعتبار
264 0 _c2025.
300 _a206 pages :
_billustrations ;
_c30 cm. +
_eCD.
336 _atext
_2rda content
337 _aUnmediated
_2rdamedia
338 _avolume
_2rdacarrier
502 _aThesis (M.Sc)-Cairo University, 2025.
504 _aBibliography: pages 187-190.
520 3 _aThis study explores the effects of Soil-Structure Interaction (SSI) on reinforced concrete (RC) shear wall buildings, especially when built on soft soils where SSI significantly influences seismic response. Two SSI modeling approaches are used: (1) nonlinear horizontal (P-Y) springs combined with equivalent linear vertical (T-Z and Q-Z) springs for piled raft foundations, and (2) equivalent linear P-Y, T-Z, and Q-Z springs for both raft and piled raft foundations. A parametric analysis across varying building heights evaluates inter-storey drift, ductility, base shear, and response modification factors using nonlinear finite element models based on Egyptian Code ECP 201. Results show that SSI generally reduces base shear but increases lateral displacement and drift, with period elongation more evident in taller buildings. The study reveals that fixed-base assumptions can underestimate ductility demands and overestimate safety. Recommendations are made for refining R-factor values and incorporating SSI in performance-based seismic design of RC shear wall structures.
520 3 _aتستكشف هذه الدراسة تأثير التفاعل بين التربة والمنشأ (SSI) على المباني ذات الجدران القص من الخرسانة المسلحة (RC)، خاصة عند إنشائها على تربة لينة، حيث يكون لتأثير SSI دور كبير في الاستجابة الزلزالية. تم استخدام نهجين لنمذجة SSI: (1) نوابض أفقية غير خطية من نوع (P-Y) مع نوابض رأسية خطية مكافئة من نوعي (T-Z) و(Q-Z) لأساسات "اللبشة مع خوازيق"، و(2) نوابض خطية مكافئة (P-Y وT-Z وQ-Z) لكل من الأساسات اللبشة والعادية واللبشة مع الخوازيق. تم إجراء تحليل عددي لبارامترات مختلفة تشمل الانجراف بين الطوابق، واللدونة، وقوة القص عند القاعدة، ومعامل تعديل الاستجابة، وذلك باستخدام نماذج العناصر المحددة غير الخطية استنادًا إلى الكود المصري للأحمال (ECP 201). أظهرت النتائج أن SSI يقلل عمومًا من قوى القص عند القاعدة، لكنه يزيد من الإزاحات الجانبية والانجراف، مع ملاحظة استطالة في فترة الاهتزاز خاصة في المباني الطويلة. تكشف الدراسة أن الافتراضات المبنية على أساس ثابت قد تقلل من تقدير متطلبات اللدونة وتبالغ في تقدير عوامل الأمان. وتوصي النتائج بتعديل قيم معامل الاستجابة (R) ودمج تأثير SSI بشكل صريح ضمن تصميم الزلازل القائم على الأداء للمباني ذات الجدران القص من الخرسانة المسلحة.
530 _aIssues also as CD.
546 _aText in English and abstract in Arabic & English.
650 0 _aReinforced concrete structures
650 0 _aالمنشآت الخرسانية المسلحة
653 1 _aSoil-structure interaction
_aResponse modification factor
_aSeismic
_aNonlinear spring
_aالتفاعل بين التربة والمنشأ
_aمعامل تعديل ردود أفعال الأحمال
700 0 _aHany Ahmed Aly Abdalla
_ethesis advisor.
900 _b01-01-2025
_cHany Ahmed Aly Abdalla
_dKhaled Farouk O. Elkashef
_dAhmed Ali Hassan Abdelwahab
_UCairo University
_FFaculty of Engineering
_DDepartment of Structural Engineering
905 _aShimaa
942 _2ddc
_cTH
_e21
_n0
999 _c179870